[Event "SUI-ch op3"]
[Site "Luzern"]
[Date "1994.07.21"]
[Round "6"]
[White "Pluess, Stephan"]
[Black "Glauser, Martin"]
[Result "1-0"]
[WhiteElo "1520"]
[BlackElo "1505"]
[PlyCount "51"]
[EventDate "1994.07.16"]
[EventType "swiss"]
[EventRounds "7"]
[EventCountry "SUI"]
[SourceTitle "EXT 1999"]
[Source "ChessBase"]
[SourceDate "1998.11.16"]
[SourceVersion "1"]
[SourceVersionDate "1998.11.16"]
[SourceQuality "1"]

1. e4 c5 2. Nf3 Nc6 3. d4 e6 4. Be3 d5 5. exd5 exd5 6. Nc3 b6 7. dxc5 bxc5 8. Nxd5 Be6 9. Nc3 Nf6 10. Bb5 Qb6 11. Ne5 Nd7 12. Nxc6 a6 13. Ne5 axb5 14. Nxd7 Bxd7 15. Qe2 Be7 16. Nd5 Qd6 17. Nxe7 Qxe7 18. Bxc5 Qxe2+ 19. Kxe2 Rd8 20. Rhe1 Be6 21. Kf1 h5 22. a4 Rh6 23. axb5 f5 24. Ra7 Rd7 25. b6 Kf7 26. Rxd7+ 1-0